00482nam a2200145Ia 4500008004100000041000800041100001200049245005800061260002600119300000900145520002500154999001900179650001600198952012200214230818s1968 xx 000 0 und d aeng aJerome. aArt and science of managing Hotels/Restau Institution bHayden Book Co.c1968 a275p aGeneral | Hard Board c853618d853618 aFood Safety 00104070aHMMbHMMd2023-08-18eBombay Book Bureaug372.00l0pHMM-B66r2023-08-18 00:00:00v413.00w2023-08-18yBK